Pop in name - Statistics

General Stats
  • This quiz has been taken 18 times
  • The average score is 5 of 10
Answer Stats
Hint Answer % Correct
Movie snack Popcorn
100%
Carbonated beverage Soda pop
89%
Frozen treat on a stick Popsicle
78%
Michael Jackson King of Pop
67%
Toaster breakfast treat Pop Tart
67%
Candy on a stick Lollipop
50%
High baseball hit Pop fly
22%
Smart phone holder Pop Socket
22%
Way to open a can Pop top
22%
Light, airy roll Popover
11%
No matching quizzes found
Score Distribution
Percent of People with Each Score
Percentile by Number Answered
Your Score History
You have not taken this quiz